000 00687nam a2200241Ia 4500
003 OSt
005 20220925203650.0
006 a|||||r|||| 00| 0
007 ta
008 220923b |||||||| |||| 00| 0 eng d
037 _cGeneral Book
040 _aRTL
_cRTL
_beng
041 _2eng
_aeng
082 _aX:8K, K2; L7
100 _aHorngren Charles T
_922539
245 0 _aCost accounting
_b A managerial emphasis
250 _a4th
260 _aEnglewood
_bCliffs N J Prentice Hall
_c1977
300 _axxiii, 934p. Appendix p903-14
_ccm.
650 _aCost Accounts
942 _hX:8K, K2; L7
_cGB
_2CC
999 _c547333
_d547333